| 000 | 00441nam a2200145 4500 | ||
|---|---|---|---|
| 999 |
_c17343 _d17343 |
||
| 008 | 220928b ||||| |||| 00| 0 eng d | ||
| 020 | _a9780800727024 | ||
| 082 |
_22019 _aDFic _bK636 |
||
| 100 |
_aKirkpatrick, Jane. _946154 |
||
| 245 |
_aOne more river to cross / _cJane Kirkpatrick. |
||
| 260 |
_aGrand Rapids, Michigan : _b Revell, _c©2019. |
||
| 300 |
_a345 pages ; _c21 cm. |
||
| 650 |
_aSurvival _xFiction. _946155 |
||
| 942 |
_2ddc _cDFIC |
||